000 01172nam a22004217a 4500
001 BR2011001410
003 BR-BrBNA
005 20230928103619.0
007 ta
008 230509b bl.||||| |||| 00| 0 por d
040 _aBR-BrBNA
_bpor
_cBiblioteca Nacional de Agricultura
041 _a(Por)
072 _aK10
090 _ K10 BR2011001410
100 1 _aResende, A.S. de (ed.)
100 1 _aChaer, G.M. (ed.)
110 1 _aEMBRAPA Agrobiologia, Seropédica, RJ (Brasil)
_93531
245 1 _aManual para recuperação de áreas degradadas por extração de piçarra na caatinga
260 3 _aSeropédica, RJ (Brasil):
_c2010.
300 _a76 p.
500 _a15 ref.; 20 illus.; 13 tables.; 3 anexos
650 _aCAATINGA
650 _aREFLORESTAMENTO
650 _aCLIMA
650 _aSOLO
650 _aVEGETAÇÃO
650 _aESSÊNCIA FLORESTAL
650 _aBENEFICIAMENTO
650 _aDORMÊNCIA DA SEMENTE
650 _aPLANTIO
650 _aADUBAÇÃO DE COBERTURA
650 _aERRADICAÇÃO
650 _aFORMIGA
650 _aCOVA
650 _aEXTRAÇÃO
909 _a202309
_bLucia
_c55
_dLucia Elande
942 _cBK
999 _c75821
_d75821